000 00697nam a22002057a 4500
999 _c14173
_d14173
003 AR-CdUCM
008 190422b ||||| |||| 00| 0 spa d
040 _aMUNICIPALIDAD PROVINCIAL DEL CUSCO
_cBIBLIOTECA MUNICIPAL DEL CUSCO
082 _a333 /
_bA31 / 1971
_22 ed.
110 _aMinisterio de Agricultura
_931388
245 _aLa reforma agraria peruana /
260 _aLima :
_bDirección de promoción y difusión,
_c1971.
300 _a23 páginas ;
_c20 cm.
_bIlustración, fotografías,
505 _aContenido : La reforma agraria peruana ...
650 _aReforma
_94889
650 _aAgraria
_921115
650 _aPeruana
_925277
942 _2ddc
_cFOLLETOS
945 _arah
_d22/04/2019